| 000 | 00386nam a2200109Ia 4500 | ||
|---|---|---|---|
| 008 | 180219s9999 xx 000 0 und d | ||
| 020 | _a9715131506 | ||
| 100 | _aMacDermott, Barbara L. | ||
| 245 |
_cDeglin, Judith Hopfer _aUnderstanding basic pharmacology : _bpractical approaches for effective application |
||
| 260 |
_aMalabon City : _bGUIANI print house _c1994 |
||
| 300 | _avii, 546 pages | ||
| 999 |
_c355970 _d355970 |
||